000
00291nam a22001337a 4500
020
_a
978-1855736757
041
_a
ENG
100
_a
Ahvenaine .R
245
_a
Novel Food Packaging Techbniques
260
_a
Delhi
_b
CRC
_c
2003
300
_a
590
650
_a
APE
856
_u
APE (03 )
999
_c
1742
_d
1742